[Event "Swedish Elitserien 2021-22"]
[Site "Sodertalje"]
[Date "2022.05.14"]
[Round "8.27"]
[White "Westerberg, Jonathan"]
[Black "Lindberg, Bengt"]
[Result "1-0"]
[WhiteElo "2485"]
[BlackElo "2377"]
[Annotator "TA"]
[PlyCount "111"]
[EventDate "2022.05.13"]
[EventType "team-tourn"]
[EventCountry "SWE"]
[SourceTitle "playchess.com"]
[Source "ChessBase"]
[SourceQuality "1"]

{[%evp 16,111,4,14,16,21,38,23,26,26,59,58,49,45,71,48,70,57,93,89,139,130,145,77,102,100,86,90,99,103,85,95,131,147,145,130,140,136,138,160,183,183,168,141,186,182,189,193,225,97,271,111,747,748,719,647,482,137,133,8,8,8,8,8,8,8,12,8,8,8,48,22,112,112,5414,4133,4990,1995,1559,961,5314,5093,1451,1627,1750,828,29973,29974,29964,29947,29975,29976,29975,29974,29986,29987,29987,29988]} 1. e4 {[%emt 0:00:03][%cal Be2e4,Be4e5][%mdl 32]} c5 {[%emt 0:00:12]} 2. Nf3 {[%emt 0:00:08]} e6 {[%emt 0:00:11]} 3. c3 {[%emt 0:00:25]} Nf6 {[%emt 0:00:10]} 4. e5 {[%emt 0:00:05]} Nd5 {[%emt 0:00:07]} 5. g3 {[%emt 0:01:22]} Nc6 {[%emt 0:04:53]} 6. Bg2 {[%emt 0:00:23]} d6 {[%emt 0:02:55]} 7. exd6 {[%emt 0:03:27]} Bxd6 {[%emt 0:04:02]} 8. O-O {[%emt 0:05:46]} O-O {[%emt 0:02:03]} 9. d4 {[%emt 0:00:04]} a6 {[%emt 0:08:47] [#] B22: Sicilian: 2 c3.} 10. c4 $146 {[%emt 0:07:47]} ({Predecessor:} 10. Bg5 Nf6 11. dxc5 Bxc5 12. Nbd2 h6 13. Bxf6 Qxf6 14. Ne4 Qe7 15. Nh4 Ba7 16. Kh1 Rd8 17. Qe2 {1-0 (53) Rozentalis,E (2508)-Petr,M (2489) Germany 2017}) 10... Nf6 {[%emt 0:07:20]} 11. Nc3 {[%emt 0:14:52]} cxd4 {[%emt 0:04:42] White has an edge.} 12. Nxd4 {[%emt 0:00:16]} Ne5 {[%emt 0:07:21]} 13. Qe2 {[%emt 0:11:31]} Qc7 $1 {[%emt 0:05:18]} 14. b3 {[%emt 0:03:01]} Bd7 {[%emt 0:01:56]} 15. Bg5 {[%emt 0:01:52]} (15. Rd1 $5 {[%cal Rc1f4]}) 15... Ng6 {[%emt 0:02:51]} 16. Rad1 {[%emt 0:02:09]} Be7 {[%emt 0:08:29]} 17. h4 $1 {[%emt 0:06:40] White is more active.} Qa5 {[%emt 0:11:10]} (17... Rfe8 $142) 18. Bd2 $1 $16 {[%emt 0:09:17][%cal Oc3d5]} Bb4 {[%emt 0:00:39]} 19. Qe1 {[%emt 0:03:34]} (19. Ne4 $142) 19... Rad8 {[%emt 0:15:22]} 20. Ne4 {[%emt 0:02:40]} Bxd2 {[%emt 0:01:21]} 21. Nxf6+ {[%emt 0:00:05]} ({Much worse is} 21. Nxd2 $6 e5 22. Ne2 Qxa2 $15) (21. Rxd2 Nxe4 22. Bxe4 Bc8 $11) (21. Qxd2 {with more complications.} Qe5 22. Nxf6+ Qxf6 23. Qa5) 21... gxf6 {[%emt 0:00:04]} 22. Qxd2 {[%emt 0:00:22]} Qxd2 {[%emt 0:06:42]} 23. Rxd2 {[%emt 0:00:04]} e5 {[%emt 0:00:27]} 24. Nc2 {[%emt 0:05:43]} Bc8 {[%emt 0:01:03]} 25. Rfd1 {[%emt 0:00:29]} Rxd2 {[%emt 0:00:32]} 26. Rxd2 {[%emt 0:00:04]} Re8 {[%emt 0:02:28]} 27. c5 {[%emt 0:08:52]} Nf8 {[%emt 0:01:41]} 28. b4 {[%emt 0:02:00]} Ne6 {[%emt 0:00:35]} 29. Be4 {[%emt 0:01:40]} Rd8 {[%emt 0:00:50]} 30. Rxd8+ {[%emt 0:00:05]} Nxd8 $18 {[%mdl 4096] Endgame KBN-KBN} 31. Ne3 {[%emt 0:00:07] Against f5} Be6 {[%emt 0:00:32]} 32. a4 {[%emt 0:05:01]} (32. a3 $18) 32... h6 $2 {[%emt 0:00:11]} (32... Bd7 $16) 33. Nd5 {[%emt 0:04:43]} (33. b5 $18 {has better winning chances.}) 33... Bxd5 $4 {[%emt 0:01:15][%mdl 8192]} (33... Kg7 $16) 34. Bxd5 $16 {[%emt 0:00:01] KB-KN} Kf8 {[%emt 0:00:06]} 35. b5 {[%emt 0:01:27]} axb5 {[%emt 0:00:02] [#]} 36. axb5 {[%emt 0:00:02]} (36. a5 $1 $18 {is the precise move to win.}) 36... Ke7 {[%emt 0:00:06]} 37. f4 {[%emt 0:02:10]} ({Better is} 37. b6 $16) 37... exf4 $11 {[%emt 0:01:37]} 38. gxf4 {[%emt 0:00:05] Threatens to win with f5.} Ne6 {[%emt 0:00:06]} 39. Bxb7 {[%emt 0:00:59] And now c6 would win.} Nxc5 {[%emt 0:00:04]} 40. Bd5 {[%emt 0:00:19]} Ne6 {[%emt 0:01:32]} 41. f5 {[%emt 0:06:30] Bxe6 would kill now.} Nd4 {[%emt 0:08:06][%csl LRb5,LRf5]} 42. b6 {[%emt 0:00:44] b7 is the strong threat.} Kd6 {[%emt 0:00:05]} 43. Be4 {[%emt 0:09:01]} Ne2+ {[%emt 0:09:40]} (43... Kd7 $11) 44. Kf2 $16 {[%emt 0:02:09]} Nc3 {[%emt 0:00:05][%mdl 8192]} (44... Nf4 $16 45. Ke3 Nh5) 45. Bf3 $18 {[%emt 0:01:12]} Nb5 {[%emt 0:11:47]} 46. Ke3 {[%emt 0:02:28]} (46. Kg3 $142 Nd4 47. Be4) 46... Kd7 {[%emt 0:01:34]} 47. Kf4 {[%emt 0:03:08] Hoping for Kg4.} Nd4 {[%emt 0:00:05]} 48. Be4 {[%emt 0:02:24]} Ne2+ {[%emt 0:02:17]} 49. Kg4 {[%emt 0:06:15]} Kd6 {[%emt 0:00:06] [#] Against Bd5} 50. Bd5 $1 {[%emt 0:01:27][%mdl 512]} h5+ {[%emt 0:00:59]} (50... Nd4 51. Be4) 51. Kxh5 {[%emt 0:00:21] White mates.} ({Not} 51. Kf3 Kxd5 52. Kxe2 Kc6 $11) 51... Nf4+ {[%emt 0:00:06]} 52. Kg4 {[%emt 0:00:08]} Nxd5 {[%emt 0:01:02]} 53. h5 {[%cal Bh4h5,Bh5h6][%mdl 32]} Ne3+ {[%emt 0:00:32] [#]} 54. Kf4 $1 {[%emt 0:00:17]} ({Avoid the trap} 54. Kf3 $2 Nxf5 55. Ke4 Nh6 $19) 54... Ng2+ {[%emt 0:00:34]} 55. Ke4 {[%emt 0:00:14]} Nh4 {[%emt 0:00:33]} 56. h6 {[%emt 0:00:04] Weighted Error Value: White=0.28 (precise) /Black=0.34} 1-0

[Event "Swedish Elitserien 2021-22"]
[Site "Sodertalje"]
[Date "2022.05.14"]
[Round "8.28"]
[White "Westerberg, Jonathan"]
[Black "Lindberg, Bengt"]
[Result "*"]
[WhiteElo "2485"]
[BlackElo "2377"]
[Annotator "TA"]
[PlyCount "39"]
[EventDate "2022.05.13"]
[EventType "team-tourn"]
[EventCountry "SWE"]
[SourceTitle "playchess.com"]
[Source "ChessBase"]
[SourceQuality "1"]

{[%evp 9,9,8]} 1. e4 {[%emt 0:00:03]} c5 {[%emt 0:00:12]} 2. Nf3 {[%emt 0:00:08]} e6 {[%emt 0:00:11]} 3. c3 {[%emt 0:00:25]} Nf6 {[%emt 0:00:10]} 4. e5 {[%emt 0:00:05]} Nd5 {[%emt 0:00:07]} 5. g3 {[%emt 0:01:22] [#] A rather calm draw.} {Predecessor:} Nc6 $146 6. Bg2 {B22: Sicilian: 2 c3.} d6 7. exd6 Bxd6 8. O-O O-O 9. d4 cxd4 10. Nxd4 Nxd4 11. Qxd4 Qc7 12. Nd2 Rd8 13. Nf3 b6 14. c4 Ne7 15. b3 Bxg3 16. Qg4 Bd6 17. Ng5 Bb7 18. Qh5 Nf5 19. Qxh7+ Kf8 20. Qh8+ {0-1 (40) Niemann,H (2637)-Dubov,D (2711) Chess.com INT 2022} *

[Event "Swedish Elitserien 2021-22"]
[Site "Sodertalje"]
[Date "2022.05.14"]
[Round "8.28"]
[White "Fransson, Patrick"]
[Black "Olund, Joar"]
[Result "0-1"]
[WhiteElo "2164"]
[BlackElo "2379"]
[Annotator "TA"]
[PlyCount "56"]
[EventDate "2022.05.13"]
[EventType "team-tourn"]
[EventCountry "SWE"]
[SourceTitle "playchess.com"]
[Source "ChessBase"]
[SourceQuality "1"]

{[%evp 9,56,-16,-4,0,0,-7,-10,-28,-16,-60,-20,-32,-19,-27,-48,-59,-60,-58,-3,-40,-10,-30,-8,-62,-63,-83,-64,-111,-79,-163,-164,-160,-98,-142,-152,-162,-150,-249,-241,-247,-145,-208,-213,-702,-702,-695,-695,-629,-627]} 1. d4 {[%emt 0:00:03]} d5 {[%emt 0:00:13]} 2. Bg5 {[%emt 0:00:06]} Nf6 {[%emt 0:00:12]} 3. e3 {[%emt 0:00:18]} c5 {[%emt 0:02:39]} 4. c3 {[%emt 0:06:44]} Ne4 {[%emt 0:04:51]} 5. Bh4 {[%emt 0:05:51]} Qb6 {[%emt 0:00:39]} 6. Qb3 {[%emt 0:11:54] [#] D00: 1 d4 d5: Unusual lines.} Nc6 $146 {[%emt 0:13:20][%cal Rc5d4]} ({Predecessor:} 6... Qh6 7. Qxd5 Qxh4 8. g3 e6 9. Bb5+ Ke7 10. Qe5 Qg4 11. f3 Qg5 12. Qxg5+ Nxg5 {1-0 (67) Swicarz,M (2357)-Bracker,A (2243) Marianske Lazne 2020}) 7. Qxb6 {[%emt 0:12:46]} axb6 {[%emt 0:00:10]} 8. f3 {[%emt 0:18:13] The position is equal.} Nd6 {[%emt 0:02:57]} 9. Nd2 {[%emt 0:00:15]} Bf5 {[%emt 0:05:12]} 10. Bg3 {[%emt 0:01:47]} e6 {[%emt 0:01:35]} 11. Ne2 {[%emt 0:04:19][%cal Bg1e2,Be2f4,Bf4d3,Bd3f2][%mdl 32]} f6 {[%emt 0:10:52]} 12. Nf4 {[%emt 0:05:11][%cal Oe3e4]} g5 {[%emt 0:12:09]} 13. Nd3 {[%emt 0:01:14]} c4 {[%emt 0:01:48]} ({Black should play} 13... cxd4 $15 14. exd4 h5) 14. Nf2 $11 {[%emt 0:01:26]} h5 {[%emt 0:05:48]} 15. h4 {[%emt 0:09:20]} (15. e4 {seems wilder.} Bg6 16. h4 Kd7 17. hxg5 fxg5 18. Ng4) 15... b5 {[%emt 0:01:00][%cal Bb6b5,Bb5b4][%mdl 32]} 16. Be2 {[%emt 0:01:54]} (16. hxg5 $11 fxg5 17. e4) 16... Bg6 {[%emt 0:02:35] White must now prevent ...Nf5. Black is more active.} 17. e4 {[%emt 0:00:31] Against Nf5} b4 {[%emt 0:02:12]} 18. O-O {[%emt 0:04:31]} (18. hxg5 $15 {was preferrable.} Nb5 19. Nxc4 $1 (19. gxf6 bxc3 20. bxc3 Nxc3 $17) 19... bxc3 20. Nb6 (20. exd5 $2 exd5 21. bxc3 dxc4 $19) 20... cxb2 21. Rb1) 18... Nb5 {[%emt 0:02:48]} 19. Nxc4 {[%emt 0:07:25]} bxc3 $19 {[%emt 0:03:07]} ({Worse is} 19... dxc4 20. Bxc4 Bd6 21. Bxb5 Bxg3 22. d5 $15) 20. Nb6 {[%emt 0:01:59] [#]} Ra5 {[%emt 0:05:01]} (20... Nbxd4 $142 $1 21. Bd3 cxb2 22. Nxa8 bxa1=R 23. Rxa1 dxe4 24. fxe4 gxh4 25. Bxh4 Kf7) 21. bxc3 {[%emt 0:02:35]} Nxc3 {[%emt 0:01:28]} 22. Bd3 {[%emt 0:00:11]} Nxd4 {[%emt 0:03:41]} 23. exd5 {[%emt 0:01:42]} (23. Kh1 $17) 23... Bxd3 {[%emt 0:05:54]} 24. Nxd3 {[%emt 0:00:01]} Nxd5 {[%emt 0:01:32]} ({Better is} 24... Nde2+ $19 25. Kh2 Nxg3 26. Kxg3 Bd6+ 27. f4 Nxd5) 25. Nc4 {[%emt 0:01:30]} (25. Be1 $17 {keeps fighting.} Rb5 26. Nxd5 Rxd5 27. hxg5) 25... Ra4 {[%emt 0:01:10]} 26. Nd2 {[%emt 0:00:41]} (26. Ncb2 Ra6 27. hxg5) 26... Ne2+ {[%emt 0:00:38] Black is clearly winning.} 27. Kf2 {[%emt 0:00:20]} Nxg3 {[%emt 0:00:04]} 28. Kxg3 {[%emt 0:00:05]} Rd4 {[%emt 0:00:18] Weighted Error Value: White=0.41/Black=0.18 (very precise)} 0-1

[Event "Swedish Elitserien 2021-22"]
[Site "Sodertalje"]
[Date "2022.05.14"]
[Round "8.29"]
[White "Cederstam, Carl"]
[Black "Rydstrom, Tom"]
[Result "1-0"]
[WhiteElo "2342"]
[BlackElo "2300"]
[Annotator "TA"]
[PlyCount "53"]
[EventDate "2022.05.13"]
[EventType "team-tourn"]
[EventCountry "SWE"]
[SourceTitle "playchess.com"]
[Source "ChessBase"]
[SourceQuality "1"]

{[%evp 11,53,12,11,-4,-4,0,0,-7,30,33,44,43,25,24,56,19,35,7,0,11,83,79,81,44,43,24,31,39,52,30,15,16,31,30,41,0,39,0,24,30,35,4,199,172]} 1. Nf3 {[%emt 0:00:28]} d5 {[%emt 0:00:04]} 2. g3 {[%emt 0:00:48]} c6 {[%emt 0:00:23]} 3. Bg2 {[%emt 0:00:06]} Bg4 {[%emt 0:00:30]} 4. c4 {[%emt 0:10:43]} e6 5. O-O Nd7 6. d3 {[%emt 0:02:27]} Bd6 {[%emt 0:04:37]} 7. Qc2 {[%emt 0:00:44] A11: English Opening: 1...c6.} Ne7 {[%emt 0:05:05]} 8. Nc3 {[%emt 0:01:47]} O-O {[%emt 0:00:28]} 9. e4 {[%emt 0:05:07] [#] Against Nf5. The position is equal.} a6 $146 {[%emt 0:08:22]} ({Predecessor:} 9... dxc4 10. dxc4 Qc7 11. Rb1 a5 12. a3 Ne5 13. Nxe5 Bxe5 14. Be3 Bxc3 15. Qxc3 e5 {½-½ (41) Haub,T (2385)-Fleck,J (2329) Germany 2014}) 10. cxd5 {[%emt 0:11:14]} cxd5 {[%emt 0:00:51]} 11. exd5 {[%emt 0:00:16]} exd5 {[%emt 0:02:36]} 12. Bg5 {[%emt 0:00:26]} Rc8 {[%emt 0:03:56]} 13. Qd2 {[%emt 0:08:15]} (13. Qa4 $5 {[%cal Ra4g4]} Be6 14. Nd4 $11) 13... f6 {[%emt 0:08:48] [#] ...Bxf3 is the strong threat.} 14. Bf4 {[%emt 0:01:45]} Bb4 {[%emt 0:00:09]} 15. a3 {[%emt 0:05:30]} Ba5 {[%emt 0:09:34]} (15... Bxc3 $11 {remains equal.} 16. bxc3 Nc5) 16. b4 $16 {[%emt 0:02:05] White is more active.} Bb6 {[%emt 0:00:53]} 17. Rac1 {[%emt 0:07:04]} Re8 {[%emt 0:08:49]} 18. Qa2 {[%emt 0:12:12]} Be6 {[%emt 0:03:09]} 19. Na4 {[%emt 0:06:39]} Ba7 {[%emt 0:03:28]} 20. Rfe1 {[%emt 0:03:22]} Bf7 {[%emt 0:03:28]} 21. Rxc8 {[%emt 0:05:05]} Nxc8 {[%emt 0:03:13]} 22. Rxe8+ {[%emt 0:01:36]} Qxe8 {[%emt 0:00:07]} 23. d4 {[%emt 0:00:44]} Qe4 {[%emt 0:10:15]} 24. Nc3 {[%emt 0:02:05]} Qd3 {[%emt 0:00:24]} 25. Qd2 {[%emt 0:00:41]} Qc4 {[%emt 0:07:53]} 26. Bf1 {[%emt 0:00:14]} (26. Na4 $5 {[%cal Ra4c5]}) 26... Qb3 {[%emt 0:00:47] [#]} (26... Qc6 $11) 27. Qc1 $1 {[%emt 0:00:22] Weighted Error Value: White=0.13 (very precise) /Black=0.29 (precise)} 1-0

[Event "Swedish Elitserien 2021-22"]
[Site "Sodertalje"]
[Date "2022.05.14"]
[Round "8.29"]
[White "Fransson, Patrick"]
[Black "Olund, Joar"]
[Result "*"]
[WhiteElo "2164"]
[BlackElo "2379"]
[Annotator "TA"]
[PlyCount "25"]
[EventDate "2022.05.13"]
[EventType "team-tourn"]
[EventCountry "SWE"]
[SourceTitle "playchess.com"]
[Source "ChessBase"]
[SourceQuality "1"]

{[%evp 6,6,6]} 1. d4 {[%emt 0:00:03]} d5 {[%emt 0:00:13]} 2. Bg5 {[%emt 0:00:06]} Nf6 {[%emt 0:00:12]} 3. e3 {[%emt 0:00:18]} c5 {[%emt 0:02:39] [#] An uneventful encounter.} {Predecessor:} 4. Bxf6 $146 gxf6 5. dxc5 Nc6 6. a3 {D00: 1 d4 d5: Unusual lines.} e6 7. b4 a5 8. Nd2 axb4 9. axb4 Rxa1 10. Qxa1 Nxb4 11. Qa4+ Nc6 12. Nb3 Bg7 13. Bb5 {½-½ (42) Xiong,J (2685)-Caruana,F (2781) Saint Louis 2022} *

[Event "Swedish Elitserien 2021-22"]
[Site "Sodertalje"]
[Date "2022.05.14"]
[Round "8.30"]
[White "Cederstam, Carl"]
[Black "Rydstrom, Tom"]
[Result "*"]
[WhiteElo "2342"]
[BlackElo "2300"]
[Annotator "TA"]
[PlyCount "30"]
[EventDate "2022.05.13"]
[EventType "team-tourn"]
[EventCountry "SWE"]
[SourceTitle "playchess.com"]
[Source "ChessBase"]
[SourceQuality "1"]

{[%evp 6,6,21]} 1. Nf3 {[%emt 0:00:28]} d5 {[%emt 0:00:04]} 2. g3 {[%emt 0:00:48]} c6 {[%emt 0:00:23]} 3. Bg2 {[%emt 0:00:06]} Bg4 {[%emt 0:00:30] [#] A rather calm draw.} {Predecessor:} 4. h3 $146 Bh5 5. O-O Nd7 6. d3 {A07: Réti Opening: New York and Capablanca Systems.} Ngf6 7. Qe1 e6 8. e4 Be7 9. e5 Ng8 10. d4 Bg6 11. Qe2 h5 12. c4 dxc4 13. Qxc4 Nb6 14. Qe2 Nh6 15. Bxh6 Rxh6 {1-0 (52) Carlsen,M (2865)-Keymer,V (2664) chess24.com INT 2022} *

[Event "Swedish Elitserien 2021-22"]
[Site "Sodertalje"]
[Date "2022.05.14"]
[Round "8.30"]
[White "Olofsson-Dolk, Mattis"]
[Black "Thorn, Eric"]
[Result "1/2-1/2"]
[WhiteElo "2182"]
[BlackElo "2382"]
[Annotator "TA"]
[PlyCount "98"]
[EventDate "2022.05.13"]
[EventType "team-tourn"]
[EventCountry "SWE"]
[SourceTitle "playchess.com"]
[Source "ChessBase"]
[SourceQuality "1"]

{[%evp 16,98,14,7,16,12,22,0,12,3,0,0,27,-10,0,-14,-22,-30,-24,-35,-46,-68,-72,-136,-117,-198,-110,-82,-78,-148,-149,-142,-136,-147,-147,-156,-145,-157,-155,-137,-134,-136,-126,-168,-168,-176,-166,-166,-187,-258,-250,-252,-232,-329,-94,-89,-19,-19,-19,-19,-19,-19,-19,-19,0,0,0,0,0,0,0,0,0,0,0,0,0,0,0,0,0,0,0,0,0]} 1. e4 {[%emt 0:00:02]} e5 {[%emt 0:00:10]} 2. Nf3 {[%emt 0:00:05]} Nc6 {[%emt 0:00:05]} 3. Bb5 {[%emt 0:00:07][%cal Bf1b5,Bb5a4,Ba4b3][%mdl 32]} a6 {[%emt 0:00:19]} 4. Ba4 {[%emt 0:00:06]} Nf6 {[%emt 0:00:05]} 5. O-O {[%emt 0:00:08]} Be7 {[%emt 0:00:07]} 6. d3 {[%emt 0:00:11]} b5 {[%emt 0:00:08]} 7. Bb3 {[%emt 0:00:06]} O-O {[%emt 0:00:31]} 8. Nc3 {[%emt 0:00:40]} d6 {[%emt 0:10:13]} 9. a3 Na5 {[%emt 0:05:51] C77: Ruy Lopez: 3...a6 4 Ba4 Nf6, unusual lines.} 10. Ba2 {[%emt 0:01:11]} Be6 {[%emt 0:00:28]} 11. Bxe6 {[%emt 0:03:12]} fxe6 {[%emt 0:00:56]} 12. b4 {[%emt 0:01:09]} Nc6 {[%emt 0:00:41]} 13. Bd2 {[%emt 0:03:39] [#]} Qd7 $146 {[%emt 0:12:33]} ({Predecessor:} 13... d5 14. Re1 Qd6 15. Qe2 Nd7 16. Na2 Nb6 17. Nc1 Rf7 18. Nb3 Raf8 19. Rf1 Qd7 {½-½ (44) Yu,Y (2764)-Ding,L (2816) Shenzhen 2018}) 14. Qe2 {[%emt 0:06:09]} Nd4 {[%emt 0:05:36]} 15. Nxd4 {[%emt 0:03:07]} exd4 {[%emt 0:00:42]} 16. Na2 {[%emt 0:04:54]} e5 {[%emt 0:02:55]} 17. c3 {[%emt 0:04:48]} c5 {[%emt 0:07:30]} 18. f4 {[%emt 0:07:52]} Rac8 {[%emt 0:05:18]} 19. Rac1 {[%emt 0:03:06]} (19. cxd4 $142 cxd4 20. Qd1) 19... Qe6 $17 {[%emt 0:02:53]} 20. fxe5 {[%emt 0:06:33]} (20. Ra1 $17) 20... dxe5 {[%emt 0:05:12]} ({Better is} 20... Qxa2 $19 21. exf6 Bxf6 22. cxd4 Bxd4+ 23. Kh1 Bc3 $1 {[%mdl 512]}) 21. c4 {[%emt 0:09:08]} cxb4 {[%emt 0:10:14]} 22. axb4 {[%emt 0:01:14]} (22. Nxb4 $142 bxc4 23. Rxc4) 22... Rfd8 {[%emt 0:00:59] White must now prevent ...bxc4.} 23. Rf3 {[%emt 0:05:16]} bxc4 {[%emt 0:06:45]} 24. dxc4 {[%emt 0:00:40]} Qg4 {[%emt 0:03:38] Prevents Bg5.} 25. Re1 {[%emt 0:01:37]} d3 $1 {[%emt 0:00:09]} 26. Rxd3 {[%emt 0:02:31]} Qxe2 {[%emt 0:00:31]} 27. Rxd8+ {[%emt 0:00:05]} Bxd8 {[%emt 0:00:04]} 28. Rxe2 {[%emt 0:00:15]} Rxc4 {[%emt 0:00:04]} 29. Bc3 {[%emt 0:05:49]} Bc7 {[%emt 0:01:33]} (29... Nxe4 30. Bxe5 Kf7 31. g3 $17) 30. Kf1 {[%emt 0:02:08]} Nxe4 {[%emt 0:00:42]} 31. Re3 {[%emt 0:00:27]} Bb6 {[%emt 0:05:10]} 32. Rd3 {[%emt 0:02:37] [#]} (32. Rh3 {was necessary.}) 32... Bd4 $1 $19 {[%emt 0:03:47]} 33. Bxd4 {[%emt 0:01:47]} exd4 {[%emt 0:00:06][%mdl 4096] Endgame KRN-KRN} ({Inferior is} 33... Rxd4 34. Rxd4 exd4 35. Ke2 $11) 34. Ra3 {[%emt 0:02:06]} (34. Ke1 $142) 34... Rc6 $2 {[%emt 0:06:33]} (34... Rc2 $19 {[%cal Od4d3] and Black stays clearly on top. And now ...d3! would win.} 35. b5 d3 36. Rxd3 (36. bxa6 $2 Rc1+ 37. Nxc1 d2 $19) 36... Rxa2 37. bxa6 Rxa6) 35. Ke2 $17 {[%emt 0:01:09]} Nc3+ {[%emt 0:01:36]} ({Black should try} 35... Nd6 $17 {Strongly threatening ...Nb5.} 36. Ra5 Nb5) 36. Nxc3 $11 {[%emt 0:00:45] The position is equal.} dxc3 {[%emt 0:00:04] KR-KR} 37. Kd1 {[%emt 0:00:33]} Rc4 {[%emt 0:03:26]} 38. Rxa6 {[%emt 0:02:49]} Rxb4 {[%emt 0:00:05]} 39. Ra2 {[%emt 0:00:50]} Rd4+ {[%emt 0:01:55]} 40. Kc2 {[%emt 0:00:15]} Rd2+ {[%emt 0:00:35]} 41. Kb3 {[%emt 0:00:22]} Rxa2 {[%emt 0:17:05]} 42. Kxa2 {[%emt 0:00:19] K3P-KPP} Kf7 {[%emt 0:00:03]} (42... c2 $5 43. Kb2 Kf7 $11) 43. Kb3 {[%emt 0:00:07]} Ke6 {[%emt 0:00:03]} 44. Kxc3 {[%emt 0:00:08] KPP-KPP} Ke5 {[%emt 0:00:06]} 45. Kd3 {[%emt 0:00:44]} Kf4 {[%emt 0:00:06]} 46. Ke2 {[%emt 0:00:25]} Ke4 {[%emt 0:06:07]} 47. Kf2 {[%emt 0:00:12]} Kf4 {[%emt 0:03:15]} 48. Ke2 {[%emt 0:00:09]} Ke4 {[%emt 0:00:45]} 49. Kf2 {[%emt 0:00:11]} Kf4 {[%emt 0:00:42] And White is the lucky defender.  Weighted Error Value: White=0.15 (very precise) /Black=0.25 (precise)} 1/2-1/2

[Event "Swedish Elitserien 2021-22"]
[Site "Sodertalje"]
[Date "2022.05.14"]
[Round "8.31"]
[White "Renman, Nils-Gustaf"]
[Black "Lindborg, Patrik"]
[Result "1/2-1/2"]
[WhiteElo "2313"]
[BlackElo "2152"]
[Annotator "TA"]
[PlyCount "120"]
[EventDate "2022.05.13"]
[EventType "team-tourn"]
[EventCountry "SWE"]
[SourceTitle "playchess.com"]
[Source "ChessBase"]
[SourceQuality "1"]

{[%evp 20,120,-23,-29,20,0,42,34,40,38,45,46,45,25,40,16,47,49,49,47,48,25,27,27,51,47,48,23,27,23,41,29,22,25,29,36,22,16,69,70,70,70,70,69,70,38,49,0,50,50,50,50,68,16,26,25,59,61,136,143,317,316,374,83,70,37,37,0,0,0,0,0,0,-8,-7,-8,-8,-8,-8,-8,-8,-8,-8,-8,-8,-8,-8,-12,-14,-20,-20,-20,-8,-8,-8,-8,0,0,0,0,0,0,0]} 1. d4 {[%emt 0:00:04]} Nf6 {[%emt 0:00:01]} 2. c4 {[%emt 0:00:10]} g6 {[%emt 0:00:23]} 3. Nc3 {[%emt 0:00:12]} Bg7 {[%emt 0:00:05]} 4. e4 {[%emt 0:00:10]} d6 {[%emt 0:00:04]} 5. Nf3 {[%emt 0:00:19]} O-O {[%emt 0:00:13]} 6. Be3 {[%emt 0:00:16]} e5 {[%emt 0:09:02]} 7. dxe5 {[%emt 0:00:14]} dxe5 {[%emt 0:00:04]} 8. Qxd8 {[%emt 0:00:09]} Rxd8 9. Nd5 {[%emt 0:00:11]} Rd7 10. Nxf6+ {[%emt 0:15:58]} Bxf6 11. c5 {[%emt 0:00:19]} Kg7 {[#] E90: King's Indian: Classical: Early deviations and 6 h3.} (11... Nc6 $142) 12. g4 $146 {[%emt 0:15:35][%cal Bg2g4,Bg4g5][%mdl 32]} ({Predecessor:} 12. Bb5 Rd8 13. Ke2 Be6 14. b3 c6 15. Bd3 Nd7 16. Rac1 h6 17. Bc4 Nf8 18. Nd2 Be7 19. Rhd1 {1-0 (41) Wiley,T (2270)-Goossens,E (2130) Antwerp 1998}) 12... Kg8 13. g5 {[%emt 0:06:50]} Bg7 {White is slightly better.} 14. Bh3 {[%emt 0:03:37]} Rd8 15. Bxc8 {[%emt 0:00:45]} Rxc8 16. O-O-O {[%emt 0:00:29]} Nc6 {[%cal Bb8c6,Bc6d8,Bd8e6][%mdl 32]} 17. Rd7 {[%emt 0:10:58]} Nd8 (17... Kf8 {feels hotter.} 18. Rhd1 Ke8 19. a3 a5) 18. Nd2 Ne6 19. Nc4 Rd8 20. Rxd8+ Rxd8 21. Na5 Rb8 22. Rd1 Kf8 23. Rd3 Ke8 24. b4 a6 25. Rd5 Nd8 26. a3 Ke7 27. Kc2 {[%cal Oc5c6]} Ke6 28. Kb3 Nc6 ({Black should play} 28... f5 $11) 29. Nxc6 $14 {White is more active.} bxc6 {[%mdl 4096] Endgame KRB-KRB} 30. Rd3 a5 $1 31. Bd2 Bf8 32. Kc4 {Rf3 is the strong threat.} axb4 33. Bxb4 (33. axb4 $14 Be7 34. Ra3) 33... h6 (33... Be7 $11) 34. gxh6 Bxh6 35. a4 {[%cal Ba3a4,Ba4a5,Ba5a6][%mdl 32]} Bf4 36. Rh3 (36. h4 $14) 36... Kd7 37. a5 Rf8 38. Rh7 Kc8 (38... Ke6 $14) 39. a6 $16 {Threatens to win with Ba5.} Kb8 $2 {[#]} (39... Kd7 $16) 40. Ba5 $1 $18 Bg5 (40... Ka7 $2 41. Bxc7 Kxa6 42. Bd6) 41. Bc3 $2 (41. a7+ $18 {is the precise move to win.} Kxa7 42. Bxc7) 41... Bf4 $16 42. h4 Ka7 43. Ba5 Rd8 $1 {The position is equal.} 44. Rxf7 Rd4+ 45. Kb3 Kxa6 46. Bc3 Rxe4 47. Rxc7 {[#] And now Bb4 would win.} Kb5 {Prevents Bb4.} 48. Rb7+ Kxc5 49. Bb4+ Kd5 {Hoping for ...c5.} 50. Rd7+ Ke6 51. Rd6+ Kf5 52. Rxc6 Re2 53. Be7 Rxf2 {Strongly threatening ...Rg2.} 54. Rf6+ {[%emt 2:53:40]} Ke4 {aiming for ...Rg2.} 55. Rxg6 {[%emt 0:01:30]} Kf3 56. Bg5 {[%emt 0:17:18]} Rh2 57. Kc4 {[%emt 0:14:43]} Bg3 58. Kd5 {[%emt 0:06:17]} e4 {[%emt 0:01:40]} 59. Rf6+ {[%emt 0:00:22]} Kg4 {[%emt 0:00:28]} 60. Kxe4 {[%emt 0:00:16]} Bxh4 {[%emt 0:00:19] Weighted Error Value: White=0.17 (very precise) /Black=0.16 (very precise)} 1/2-1/2